[Event "European Blitz 2022"]
[Site "Katowice POL"]
[Date "2022.12.16"]
[Round "22.48"]
[White "Pidluznij, Gleb"]
[Black "Fus, Jakub"]
[Result "1/2-1/2"]
[BlackTitle "FM"]
[WhiteElo "2159"]
[BlackElo "2405"]
[WhiteFideId "12817082"]
[BlackFideId "1193023"]
[EventDate "2022.12.16"]

1. e4 c6 2. d4 d5 3. e5 Bf5 4. h4 h5 5. Bd3 Bxd3 6. Qxd3 Qa5+ 7. Nd2 e6 8. Nf3
Nh6 9. O-O Nf5 10. c4 Be7 11. g3 O-O 12. b3 Rd8 13. Bb2 c5 14. dxc5 Bxc5 15. Kg2
Nc6 16. cxd5 Rxd5 17. Qe2 Rad8 18. Nc4 Qc7 19. Rfd1 Rxd1 20. Rxd1 Rxd1 21. Qxd1
b5 22. Ncd2 Qd7 23. Qe2 a6 24. Ne4 Bb6 25. Nfg5 Qd5 26. Qxh5 Nh6 27. Qf3 Nxe5
28. Bxe5 Qxe5 29. Qd3 f6 30. Nf3 Qc7 31. Qe2 Qc6 32. Ned2 Ng4 33. Ne4 f5 34.
Neg5 Nxf2 35. Nxe6 Ne4 36. Nf4 Bc7 37. Qd3 Bxf4 38. gxf4 Qg6+ 39. Ng5 Nxg5 40.
hxg5 Qe6 41. Kf3 Kf7 42. Qe3 Qd5+ 43. Kg3 Qe6 44. Qd3 g6 45. Kf3 Qc6+ 46. Kg3
Ke6 47. Qe3+ Kd7 48. Qa7+ Kd6 49. Qd4+ Kc7 50. Qa7+ Kc8 51. Qg7 Qe6 52. Qc3+ Kb7
53. Qd3 Kc6 54. Kf3 Qd5+ 55. Ke3 Qg2 56. Qc3+ Kb6 57. Qf6+ Ka5 58. Qd8+ Kb4 59.
Qd6+ Kc3 60. Qxg6 Qe4+ 61. Kf2 Qxf4+ 62. Ke2 Qg4+ 63. Kf2 f4 64. Qf6+ Kc2 65.
Qc6+ Kb2 66. Qg2 Qe6 67. Kf3+ Ka3 68. Kxf4 Qd6+ 69. Kf5 Qd7+ 70. Kf6 Qd6+ 71.
Kg7 Qe7+ 72. Kh6 Qf8+ 73. Kh5 Qh8+ 74. Kg4 Qd4+ 75. Kh3 Qe3+ 76. Kh4 Qd4+ 77.
Kh5 Qh8+ 78. Kg4 Qd4+ 79. Kf5 Qd7+ 80. Kf6 Qd6+ 81. Kg7 Qe7+ 82. Kg6 Qe6+ 83.
Kh5 Qe5 84. Qd2 Qh8+ 85. Kg4 Qc8+ 86. Kh5 Qh8+ 87. Kg6 Qg8+ 88. Kf5 Qf7+ 89. Kg4
Qe6+ 90. Kh4 Qe4+ 91. Kg3 Qe5+ 92. Kf3 Qf5+ 93. Kg3 Qe5+ 94. Qf4 Qc3+ 95. Qf3
Qc7+ 96. Qf4 Qc3+ 97. Qf3 Qe5+ 98. Qf4 Qc3+ 99. Qf3 Qc7+ 100. Qf4 Qc3+ 101. Qf3
Qe5+ 1/2-1/2

[Event "European Blitz 2022"]
[Site "Katowice POL"]
[Date "2022.12.16"]
[Round "22.49"]
[White "Hasterok, Mateusz"]
[Black "Ondozi, Murtez"]
[Result "0-1"]
[BlackTitle "FM"]
[WhiteElo "2162"]
[BlackElo "2406"]
[WhiteFideId "21822352"]
[BlackFideId "937576"]
[EventDate "2022.12.16"]

1. d4 d5 2. c4 c6 3. Nc3 Nf6 4. e3 e6 5. Nf3 Nbd7 6. Bd3 Bd6 7. Qc2 Qe7 8. O-O
O-O 9. e4 dxc4 10. Bxc4 e5 11. d5 Nb6 12. Bb3 cxd5 13. Nxd5 Nbxd5 14. Bxd5 Nxd5
15. exd5 e4 16. Nd2 Bf5 17. Nc4 Rac8 18. Qe2 Bb8 19. Bd2 Qh4 20. g3 Qh3 21. Ne3
Bd7 22. Rfc1 f5 23. Qf1 Qh5 24. Bb4 Rfe8 25. Nc4 Bb5 26. a4 Ba6 27. b3 f4 28.
Kh1 Qxd5 29. Qg2 Bxc4 30. bxc4 Rxc4 31. Rxc4 Qxc4 32. Rb1 e3 33. fxe3 fxe3 34.
Qxb7 e2 35. Be1 Bd6 36. Qd7 Qe4+ 37. Kg1 Bc5+ 38. Bf2 Bxf2+ 39. Kxf2 e1=Q+ 40.
Rxe1 Qxe1+ 41. Kg2 Qe4+ 42. Kg1 h6 43. Qxa7 Ra8 44. Qb6 Rxa4 45. Qb3+ Kh7 46.
Qb2 Rb4 47. Qd2 Rd4 48. Qc1 Rd3 49. Kf2 Rf3+ 50. Kg2 Rc3+ 0-1

[Event "European Blitz 2022"]
[Site "Katowice POL"]
[Date "2022.12.16"]
[Round "22.50"]
[White "Delgerdalai, Bayarjavkhlan"]
[Black "Mitusov, Semen"]
[Result "0-1"]
[BlackTitle "IM"]
[WhiteElo "2100"]
[BlackElo "2397"]
[WhiteFideId "23727276"]
[BlackFideId "14151049"]
[EventDate "2022.12.16"]

1. e4 e5 2. Nf3 Nc6 3. Bb5 a6 4. Ba4 Nf6 5. O-O b5 6. Bb3 Be7 7. Re1 O-O 8. a4
b4 9. a5 d6 10. d3 Bg4 11. c3 Rb8 12. Nbd2 bxc3 13. bxc3 d5 14. h3 Bh5 15. Ba4
Nxa5 16. g4 Bg6 17. Nxe5 dxe4 18. dxe4 Bc5 19. Ba3 Bxa3 20. Rxa3 Qe7 21. Nxg6
hxg6 22. Ra1 Nb7 23. Bc2 Nc5 24. Qf3 Nfd7 25. Qe3 g5 26. e5 Rb2 27. Bf5 Ne6 28.
Rxa6 Ndc5 29. Rc6 Rd8 30. Nc4 Ra2 31. Bxe6 Nxe6 32. Qe4 Qd7 33. Ne3 Qd2 34. Rf1
Qe2 35. Qc4 Qb2 36. Nf5 Rd2 37. Rxe6 Rxf2 38. Ne7+ Kh8 39. Ng6+ Kh7 40. Nf8+ Kg8 0-1

[Event "European Blitz 2022"]
[Site "Katowice POL"]
[Date "2022.12.16"]
[Round "22.51"]
[White "Maltsevskaya, Aleksandra"]
[Black "Ribeiro, Gustavo"]
[Result "1-0"]
[WhiteTitle "IM"]
[WhiteElo "2400"]
[BlackElo "1836"]
[WhiteFideId "24174041"]
[BlackFideId "1941852"]
[EventDate "2022.12.16"]

1. e4 c5 2. Nf3 Nc6 3. d4 cxd4 4. Nxd4 g6 5. Nc3 Bg7 6. Be3 d6 7. h3 Nf6 8. Bc4
O-O 9. Bb3 Bd7 10. O-O Nxd4 11. Bxd4 Bc6 12. Qd3 Rc8 13. Rad1 Qa5 14. a3 Rfd8
15. Kh1 e6 16. Qf3 Qg5 17. Bxa7 d5 18. exd5 Nxd5 19. Nxd5 Rxd5 20. Bxd5 Bxd5 21.
Rxd5 exd5 22. Be3 Qe5 23. c3 Qe6 24. Rd1 Rd8 25. h4 Rd7 26. g3 h5 27. Kg2 Bf6
28. Bd4 Bxd4 29. Rxd4 Qb6 30. b4 Qc7 31. Rxd5 Rxd5 32. Qxd5 Qxc3 33. Qxb7 Qxa3
34. b5 Qc5 35. Qc6 Qb4 36. b6 Kg7 37. b7 Kh7 38. Qc7 Qe4+ 39. Kh2 Qf3 40. Qb6 1-0

[Event "European Blitz 2022"]
[Site "Katowice POL"]
[Date "2022.12.16"]
[Round "22.52"]
[White "Stremavicius, Pijus"]
[Black "Adamczewski, Maciej"]
[Result "1-0"]
[WhiteTitle "FM"]
[WhiteElo "2369"]
[BlackElo "2071"]
[WhiteFideId "12812730"]
[BlackFideId "1148702"]
[EventDate "2022.12.16"]

1. e4 e6 2. d4 d5 3. exd5 exd5 4. Nf3 Nc6 5. Bb5 Bg4 6. O-O Bd6 7. h3 Bh5 8. c4
a6 9. Ba4 dxc4 10. d5 b5 11. dxc6 bxa4 12. Nbd2 c3 13. bxc3 Ne7 14. Qxa4 O-O 15.
Nd4 Nd5 16. Qc4 Nf4 17. N2f3 Qf6 18. Bxf4 Qxf4 19. Qd5 Bg6 20. Rfe1 Rab8 21. g3
Qf6 22. h4 h6 23. Re2 Bd3 24. Re3 Qg6 25. h5 Qh7 26. Rae1 Rb2 27. Re8 Rb8 28.
Rxb8 Rxb8 29. c4 Rb1 30. Rxb1 Bxb1 31. c5 Bf8 32. Ne5 g5 33. hxg6 Bxg6 34. Nxg6
Qxg6 35. Nf5 Qf6 36. Kg2 Qc3 37. a4 a5 38. g4 Qb4 39. Qd4 Qxd4 40. Nxd4 Bxc5 41.
Nb5 Bb6 42. f4 f5 43. gxf5 Kf7 44. Kf3 Kf6 45. Ke4 h5 46. Nc3 Ke7 47. Nd5+ Kd6
48. Nxb6 cxb6 49. f6 1-0

[Event "European Blitz 2022"]
[Site "Katowice POL"]
[Date "2022.12.16"]
[Round "22.53"]
[White "Rekuc, Patryk"]
[Black "Kacprzak, Karol"]
[Result "1-0"]
[WhiteElo "1755"]
[BlackElo "2226"]
[WhiteFideId "21898197"]
[BlackFideId "21819327"]
[EventDate "2022.12.16"]

1. e4 c5 2. Nf3 d6 3. d4 cxd4 4. Nxd4 Nf6 5. Nc3 e6 6. g4 a6 7. Rg1 b5 8. Be3
Bb7 9. f3 Nfd7 10. Qd2 Nb6 11. O-O-O N8d7 12. Bd3 Rc8 13. a3 Ne5 14. f4 Nec4 15.
Qf2 Nxe3 16. Qxe3 Be7 17. Nb3 Qc7 18. f5 h6 19. Kb1 O-O 20. Qf2 Qd8 21. Rh1 Bh4
22. Qg2 Bf6 23. Ne2 Na4 24. c3 Qe7 25. Bc2 Rfe8 26. Nbd4 Nc5 27. Ng3 d5 28. fxe6
fxe6 29. Rhe1 Qc7 30. exd5 Bxd5 31. Qf2 Rf8 32. Qe2 Rce8 33. Nh5 Bc4 34. Qg2 Bd5
35. Qg1 Bg5 36. Rf1 Qb7 37. Qg3 Be4 38. h4 Bxc2+ 39. Nxc2 Be7 40. Qe5 Bf6 41.
Rxf6 gxf6 42. Nxf6+ Rxf6 43. Qxf6 Qg7 44. Qf2 Ne4 45. Qf4 Nf6 46. g5 Nd5 47. Qg3
Rf8 48. Nd4 Qg6+ 49. Ka1 a5 50. Re1 b4 51. Nxe6 Re8 52. Qd6 Ne7 1-0

[Event "European Blitz 2022"]
[Site "Katowice POL"]
[Date "2022.12.16"]
[Round "22.54"]
[White "Mis, Mieszko"]
[Black "Putlak, Wojciech"]
[Result "1-0"]
[WhiteTitle "FM"]
[WhiteElo "2389"]
[BlackElo "1992"]
[WhiteFideId "1196448"]
[BlackFideId "1183303"]
[EventDate "2022.12.16"]

1. b3 Nf6 2. Bb2 g6 3. Bxf6 exf6 4. c4 Bg7 5. Nc3 O-O 6. g3 f5 7. Rc1 c6 8. Bg2
Na6 9. e3 Nc7 10. Nge2 d6 11. O-O Be6 12. d4 d5 13. cxd5 Nxd5 14. Nxd5 Bxd5 15.
Nf4 Bxg2 16. Kxg2 Bh6 17. Nd3 Qd5+ 18. Qf3 Qxf3+ 19. Kxf3 Rfe8 20. b4 Bf8 21. a4
Bd6 22. Rc2 Re7 23. Rb1 a6 24. Nc5 Kg7 25. Rcc1 h5 26. Nd3 Kg8 27. Rd1 Kg7 28.
Nc1 Rae8 29. Ne2 Rd7 30. Nc3 Bf8 31. b5 axb5 32. axb5 c5 33. dxc5 Rxd1 34. Rxd1
Bxc5 35. Rd7 b6 36. Na4 Re5 37. Rb7 Re6 38. Nxc5 bxc5 39. Rc7 Re5 40. b6 Re6 41.
b7 Rb6 42. Ke2 Kf6 43. Rc6+ Rxc6 44. b8=Q Kg7 45. Qb7 Re6 46. Qd5 c4 47. Qd4+
Kg8 48. Qxc4 Kg7 49. h4 Kg8 50. Qd4 Re8 51. Kf3 Ra8 52. Kf4 Re8 53. Kg5 Kh7 54.
Qd7 Rf8 55. Kf6 Kg8 56. Qe7 1-0

[Event "European Blitz 2022"]
[Site "Katowice POL"]
[Date "2022.12.16"]
[Round "22.55"]
[White "Drazic, Sinisa"]
[Black "Prazak, Daniel"]
[Result "0-1"]
[WhiteTitle "GM"]
[WhiteElo "2372"]
[BlackElo "2007"]
[WhiteFideId "901172"]
[BlackFideId "23709456"]
[EventDate "2022.12.16"]

1. d4 Nf6 2. Bg5 Ne4 3. Bf4 d5 4. Nd2 Nxd2 5. Qxd2 e6 6. e3 Bd6 7. Nf3 Bxf4 8.
exf4 Nd7 9. O-O-O Qe7 10. Kb1 c5 11. Bb5 a6 12. Bxd7+ Bxd7 13. dxc5 Qxc5 14. Ne5
Qd6 15. Rhe1 O-O 16. g3 Rac8 17. Re3 Rc7 18. f5 Rfc8 19. c3 exf5 20. Qxd5 Qxd5
21. Rxd5 f4 22. gxf4 Bf5+ 23. Kc1 Be6 24. Ra5 f6 25. Nf3 Kf7 26. Nd4 Bd7 27. Rd5
Re8 28. Kd2 Re7 29. f5 Bc8 30. Rd8 0-1

[Event "European Blitz 2022"]
[Site "Katowice POL"]
[Date "2022.12.16"]
[Round "22.56"]
[White "Trzebinski, Patryk"]
[Black "Seemann, Jakub"]
[Result "0-1"]
[BlackTitle "FM"]
[WhiteElo "1792"]
[BlackElo "2365"]
[WhiteFideId "21839034"]
[BlackFideId "21874697"]
[EventDate "2022.12.16"]

1. e4 c6 2. d4 d5 3. e5 Bf5 4. Nc3 e6 5. g4 Bg6 6. Nge2 c5 7. h4 h5 8. Nf4 Ne7
9. gxh5 Bf5 10. dxc5 Nec6 11. Bd3 Bxd3 12. Nxd3 Nd7 13. Bf4 Nxc5 14. Nxc5 Bxc5
15. Qg4 Bf8 16. O-O-O Qd7 17. Ne4 O-O-O 18. c4 Qc7 19. Nd6+ Kb8 20. cxd5 Nxe5+
21. Kb1 Nxg4 22. Nxf7 Qxf4 23. Nxd8 exd5 24. Rhe1 Bb4 0-1

[Event "European Blitz 2022"]
[Site "Katowice POL"]
[Date "2022.12.16"]
[Round "22.57"]
[White "Blohberger, Felix"]
[Black "Solys, Laimutis"]
[Result "1-0"]
[WhiteTitle "GM"]
[BlackTitle "FM"]
[WhiteElo "2490"]
[BlackElo "2289"]
[WhiteFideId "1632051"]
[BlackFideId "12800368"]
[EventDate "2022.12.16"]

1. d4 d5 2. c4 e6 3. Nc3 dxc4 4. e4 c5 5. d5 exd5 6. exd5 Bd6 7. Bxc4 a6 8. a4
Nf6 9. Nf3 O-O 10. O-O Bg4 11. h3 Bh5 12. Bg5 Re8 13. g4 Bg6 14. Re1 Nbd7 15.
Rxe8+ Qxe8 16. Qb3 Qc8 17. Re1 Qc7 18. Qd1 Ne5 19. Nxe5 Bxe5 20. Qf3 Qd6 21. Bh4
Nd7 22. Bg3 f6 23. Bb3 Bxg3 24. Qxg3 Qxg3+ 25. fxg3 Bf7 26. Re7 Rd8 27. Bc2 Kf8
28. d6 b6 29. Bd3 c4 30. Bxh7 Ne5 31. Be4 Rxd6 32. Ra7 Rd2 33. Rxa6 Rxb2 34. Nb5
Re2 35. Bb7 g5 36. Rxb6 Nd3 37. Rxf6 Kg7 38. Rc6 Re1+ 39. Kh2 Bd5 40. Rc7+ Bf7
41. Bd5 Rf1 42. Bxc4 Rf2+ 43. Kg1 Rf6 44. Rxf7+ Rxf7 45. Bxf7 Kxf7 46. a5 Nc5
47. h4 gxh4 48. gxh4 1-0

[Event "European Blitz 2022"]
[Site "Katowice POL"]
[Date "2022.12.16"]
[Round "22.58"]
[White "Tregubov, Pavel V."]
[Black "Yao, Lan"]
[Result "1-0"]
[WhiteTitle "GM"]
[BlackTitle "WIM"]
[WhiteElo "2553"]
[BlackElo "2271"]
[WhiteFideId "4115341"]
[BlackFideId "8610835"]
[EventDate "2022.12.16"]

1. e4 c5 2. Nf3 e6 3. c3 Nf6 4. e5 Nd5 5. d4 cxd4 6. cxd4 b6 7. Bc4 Ba6 8. Bxd5
exd5 9. Nc3 Be7 10. Ne2 O-O 11. O-O d6 12. Re1 Nc6 13. Qa4 Bb7 14. Bf4 Na5 15.
Ng3 Rc8 16. Nf5 dxe5 17. Bxe5 f6 18. Bg3 Re8 19. Nxe7+ Rxe7 20. h4 Qd7 21. Qa3
Rce8 22. Rxe7 Rxe7 23. b3 Nc6 24. Rc1 Re8 25. Qb2 Re4 26. b4 a6 27. a4 h6 28. b5
axb5 29. Qxb5 Qe8 30. Qxd5+ Kh7 31. Qf5+ Kh8 32. d5 Na5 33. d6 Bc6 34. h5 Rxa4
35. Nh4 Re4 36. Ng6+ Kg8 37. Ne7+ Kh8 38. Nxc6 Nxc6 39. d7 Re1+ 40. Kh2 Qe6 41.
Qxe6 Rxe6 42. Rxc6 1-0

[Event "European Blitz 2022"]
[Site "Katowice POL"]
[Date "2022.12.16"]
[Round "22.59"]
[White "Kuzmicz, Krystian"]
[Black "Stevanic, David"]
[Result "1-0"]
[WhiteTitle "IM"]
[BlackTitle "FM"]
[WhiteElo "2466"]
[BlackElo "2249"]
[WhiteFideId "1119125"]
[BlackFideId "14613921"]
[EventDate "2022.12.16"]

1. e4 e5 2. Bc4 Nf6 3. Qf3 c6 4. Nc3 d6 5. d3 Be6 6. Nge2 Nbd7 7. Be3 Qa5 8.
Bxe6 fxe6 9. Qh3 O-O-O 10. Qxe6 d5 11. Bd2 d4 12. Nd5 Qb5 13. Nxf6 gxf6 14.
O-O-O a5 15. f4 a4 16. fxe5 fxe5 17. Rhf1 Bb4 18. a3 Bxd2+ 19. Rxd2 Rde8 20. Qd6
Qc5 21. Qxc5 Nxc5 22. Rdd1 Rhg8 23. g3 h5 24. Rf2 h4 25. Rg1 hxg3 26. Rxg3 Rh8
27. Kd2 Re7 28. h3 Reh7 29. Rff3 Kd7 30. Ke1 Kd6 31. Kf2 Ne6 32. Kg2 b5 33. Rf6
Rh6 34. Rgg6 Rxg6+ 35. Rxg6 Ke7 36. Rg3 c5 37. Rf3 b4 38. Rf5 Kd6 39. Rf7 bxa3
40. bxa3 Rg8+ 41. Kf2 Rb8 42. Ra7 Rb2 43. Rxa4 Rxc2 44. Ra6+ Kd7 45. Ke1 c4 46.
dxc4 d3 47. Ng3 Nd4 48. Ra5 1-0

[Event "European Blitz 2022"]
[Site "Katowice POL"]
[Date "2022.12.16"]
[Round "22.60"]
[White "Zochowski, Kacper"]
[Black "Tisaj, Domen"]
[Result "1-0"]
[WhiteTitle "FM"]
[BlackTitle "FM"]
[WhiteElo "2256"]
[BlackElo "2396"]
[WhiteFideId "1125494"]
[BlackFideId "14628708"]
[EventDate "2022.12.16"]

1. Nf3 Nf6 2. c4 e6 3. g3 d5 4. Bg2 d4 5. O-O Nc6 6. e3 Bc5 7. exd4 Nxd4 8. d3
O-O 9. Be3 Nxf3+ 10. Qxf3 Bxe3 11. Qxe3 c6 12. Nc3 Qb6 13. Qxb6 axb6 14. d4 Rd8
15. Rad1 Kf8 16. a3 Bd7 17. Rfe1 Be8 18. h3 Rd7 19. d5 exd5 20. cxd5 Rad8 21.
dxc6 Rxd1 22. Rxd1 Rxd1+ 23. Nxd1 bxc6 24. Nc3 c5 25. g4 h6 26. f4 g5 27. fxg5
hxg5 28. Kf2 Ke7 29. Kg3 Kd6 30. h4 gxh4+ 31. Kxh4 Ke5 32. g5 Ng8 33. Bd5 Ne7
34. Bc4 Nf5+ 35. Kh5 f6+ 36. g6 Bc6 37. Be2 Be8 38. Bc4 Ne3 39. Bf7 Nf5 40. Bxe8
Ng7+ 41. Kh6 Nxe8 42. g7 Nxg7 43. Kxg7 f5 44. Kg6 f4 45. Kg5 f3 46. Nd1 Kd4 47.
Kf4 f2 48. Nxf2 Kc4 49. Ke3 Kb3 50. Nd1 Kc2 51. Ke2 c4 52. a4 Kb3 53. Kd2 Kxa4
54. Kc3 b5 55. Ne3 Ka5 56. Nc2 Ka4 57. Nb4 Ka5 58. Nd5 Ka4 59. Nb6+ Ka5 60.
Nxc4+ 1-0

[Event "European Blitz 2022"]
[Site "Katowice POL"]
[Date "2022.12.16"]
[Round "22.61"]
[White "Sotsky, Alexander"]
[Black "Morgunov, Marc"]
[Result "0-1"]
[WhiteTitle "IM"]
[BlackTitle "FM"]
[WhiteElo "2333"]
[BlackElo "2402"]
[WhiteFideId "4130715"]
[BlackFideId "1640305"]
[EventDate "2022.12.16"]

1. d4 Nf6 2. Bg5 d5 3. e3 c5 4. c3 Nc6 5. Nd2 Qb6 6. Qb3 c4 7. Qc2 g6 8. e4 Nxe4
9. Nxe4 dxe4 10. Bxc4 Bf5 11. Qb3 Qxb3 12. axb3 Bg7 13. h3 O-O 14. Ne2 a6 15. g4
Bd7 16. Ng3 b5 17. Bd5 e5 18. Nxe4 exd4 19. Nf6+ Bxf6 20. Bxf6 dxc3 21. bxc3
Rfe8+ 22. Kf1 a5 23. Kg2 a4 24. bxa4 Rxa4 25. Rab1 Ne5 26. Rhe1 Nd3 27. Rxe8+
Bxe8 28. Bd4 Nf4+ 0-1

[Event "European Blitz 2022"]
[Site "Katowice POL"]
[Date "2022.12.16"]
[Round "22.62"]
[White "Voege, Tobias"]
[Black "Quilter, Thomas A"]
[Result "1-0"]
[WhiteTitle "FM"]
[BlackTitle "CM"]
[WhiteElo "2300"]
[BlackElo "2162"]
[WhiteFideId "1270513"]
[BlackFideId "408530"]
[EventDate "2022.12.16"]

1. d4 Nf6 2. c4 d6 3. Nf3 Nc6 4. Nc3 e5 5. Bg5 exd4 6. Nxd4 Nxd4 7. Qxd4 Be7 8.
e3 O-O 9. Be2 c6 10. Rd1 Qa5 11. Bf4 Rd8 12. O-O Be6 13. a3 d5 14. cxd5 Nxd5 15.
Nxd5 Bxd5 16. Qe5 Bf6 17. Qf5 Qb6 18. b4 Bb3 19. Rxd8+ Rxd8 20. Bd3 c5 21. Qxh7+
Kf8 22. bxc5 Qxc5 23. Be4 Qxa3 24. Bc7 Re8 25. Bxb7 Bc4 26. Bc6 Rc8 27. Qh8+ Ke7
28. Qxc8 Bxf1 29. Qe8# 1-0

[Event "European Blitz 2022"]
[Site "Katowice POL"]
[Date "2022.12.16"]
[Round "22.85"]
[White "Gumula, Daniel"]
[Black "Karas, Marek"]
[Result "1-0"]
[WhiteTitle "FM"]
[BlackTitle "FM"]
[WhiteElo "2146"]
[BlackElo "2240"]
[WhiteFideId "1123122"]
[BlackFideId "14928558"]
[EventDate "2022.12.16"]

1. d4 Nf6 2. Bg5 e6 3. Nd2 c5 4. c3 h6 5. Bxf6 gxf6 6. e4 b6 7. f4 Bb7 8. Ngf3
Qc7 9. g3 d6 10. Bd3 Nd7 11. a4 a6 12. Qe2 Be7 13. O-O d5 14. exd5 Bxd5 15. Bxa6
cxd4 16. cxd4 Kf8 17. Rfc1 Qd6 18. Bb5 Kg7 19. Ne4 Bxe4 20. Qxe4 Rac8 21. Rc6
Rxc6 22. Qxc6 Qxc6 23. Bxc6 Nb8 24. Bb5 Rc8 25. Ne1 f5 26. Kf2 h5 27. Ke3 h4 28.
gxh4 Bxh4 29. Nf3 Bf6 30. Ra3 Rc2 31. Rc3 Rxc3+ 32. bxc3 Kf8 33. c4 Ke7 34. h4
Bg7 35. h5 f6 36. c5 bxc5 37. dxc5 Bh6 38. a5 e5 39. a6 Bxf4+ 40. Ke2 Nxa6 41.
Bxa6 Ke6 42. Bc4+ Kd7 43. Bd5 Bh6 44. Nh4 f4 45. Kf3 Bf8 46. c6+ Kd6 47. Ke4 Kc7
48. Nf5 Kb6 49. h6 Bxh6 50. Nxh6 Kc7 51. Nf5 1-0